000 00800nam a22002177b 4500
003 3228
005 20250721110530.0
008 250721b sa a|||| |||| 00| 1 AFR d
020 _a9780798173506
_qhbk
040 _aRDA
_c3228
041 _2A
082 _aAKF ROOI
245 _aRooikappie.
260 _aCape Town;
_bHuman & Rosseau;
_c2016.
300 _a[unnumbered pages]
_bllustrations
_c18 x 18 cm
490 _aEerste stories
500 _a"Hoekom is Ouma se tande so groot?" Stoot, trek en skuif die tonele en gee lewe aan die klassieke verhaal van Rooikappie. Hierdie eerste sprokies is perfek vir 1+ jariges en 'n prettige inleiding tot klassieke verhale.
700 _aRosenberg, Natascha
_eIllustrator
_9195668
700 _aGeldenhuys, Kobus.
_eTranslator.
942 _2ddc
_cBOOK
_w174
_xSanet Schoeman
_y174
_zSanet Schoeman
999 _c780585
_d780584